ONLINE PUBLIC ACCESS CATALOG(OPAC)

Ross and Wilson anatomy and physiology in heath and illness (Record no. 64895)

MARC details
000 -LEADER
fixed length control field 00410nam a2200157Ia 4500
008 - FIXED-LENGTH DATA ELEMENTS--GENERAL INFORMATION
fixed length control field 251222s2023 xx 000 0 und d
020 ## - INTERNATIONAL STANDARD BOOK NUMBER
International Standard Book Number 9780323834612
041 ## - LANGUAGE CODE
Language code of text/sound track or separate title eng
082 ## - DEWEY DECIMAL CLASSIFICATION NUMBER
Classification number 612 WAU
100 ## - MAIN ENTRY--PERSONAL NAME
Personal name Waugh, Anne and Grant Allison
245 ## - TITLE STATEMENT
Title Ross and Wilson anatomy and physiology in heath and illness
250 ## - EDITION STATEMENT
Edition statement 14th ed
260 ## - PUBLICATION, DISTRIBUTION, ETC.
Place of publication, distribution, etc. India
Name of publisher, distributor, etc. Elsvier
Date of publication, distribution, etc. 2023
300 ## - PHYSICAL DESCRIPTION
Extent 586p
650 ## - SUBJECT ADDED ENTRY--TOPICAL TERM
Topical term or geographic name entry element Anatomy
Holdings
Withdrawn status Lost status Damaged status Not for loan Home library Current library Shelving location Date acquired Source of acquisition Cost, normal purchase price Total Checkouts Full call number Barcode Date last seen Price effective from Koha item type
        College of Physiotheraphy College of Physiotheraphy R6S26 23/10/2025 CBS Publishers | CBSP 1850.00   612 WAU PT2052 22/12/2025 22/12/2025 Reference

Powered by Koha